00500cam a2200157 4500020001500000082001200015100002200027245007800049260003300127300001600160500002000176650002400196942000700220999001500227952010000242 a071610204800a608 CAW1 aCawthra, Bruce I.10aIndustrial property rights in the EEC--patents, trade marks and copyright aEpping,bGower Press,c1973. axii, 196 p. aIncludes index. 0aIndustrial property cBK c1772d1772 0010708NFICaICbICcGENd2015-07-29l0o608 CAWp002703r2022-11-17 00:00:00w2015-07-29yBK